Analýza pracovnej činnosti operátora linky v spoločnosti Kia Motors Slovakia s.r.o.

Gespeichert in:
Bibliographische Detailangaben
1. Verfasser: Chudejová, Marcela (Verfasst von)
Weitere Verfasser: Szabová, Zuzana (Betreuung Doktorarbeit)
Format: Manuskript Buch
Sprache:Slowakisch
Veröffentlicht: 2023
Schlagworte:
Online-Zugang:http://is.stuba.sk/zp/portal_zp.pl?podrobnosti=170318
Tags: Tag hinzufügen
Keine Tags, Fügen Sie das erste Tag hinzu!

MARC

LEADER 00000ntm a22000003a 4500
001 stuzp94637
003 SK-STU
005 20230909222727.2
007 ta
008 150427s2015----xo-----f-mn---000-0-slo-d
040 |a STU  |b slo 
041 0 |a slo 
100 1 |a Chudejová, Marcela  |u 065000  |4 aut  |U MTF Materiálovotechnologická fakulta  |T MTF Ústav integrovanej bezpečnosti  |X 80994  |U M5000  |Y 85  |7 80994 
242 0 1 |a Analysis of the work activity of the line operator at Kia Motors Slovakia s.r.o.  |y eng 
245 1 0 |a Analýza pracovnej činnosti operátora linky v spoločnosti Kia Motors Slovakia s.r.o. 
260 |c 2023 
650 4 |a výrobná linka  |2 slo 
650 4 |a BOZP  |2 slo 
650 4 |a Analýza rizika pri výrobnej linke  |2 slo 
650 4 |a Analýza rizík  |2 slo 
650 4 |a Kia Motors  |2 slo 
650 4 |a piate dvere  |2 slo 
650 4 |a Risk analysis production line  |2 eng 
650 4 |a Risk analysis at the production line  |2 eng 
650 4 |a fifth door  |2 eng 
700 1 |a Szabová, Zuzana  |u 065200  |k Z1  |4 ths  |U MTF Ústav integrovanej bezpečnosti  |T MTF Katedra bezpečnostného inžinierstva  |X 4741  |U M5200  |Y 192  |7 A000004741 
856 4 |u http://is.stuba.sk/zp/portal_zp.pl?podrobnosti=170318 
996 |c M* DP-15133  |l MMSKP  |s P  |a 0  |w stuzp94637_0001